Epidemic preparedness and response in Africa: an epidemiological block approach: summary report (Record no. 42298)

MARC details
000 -LEADER
fixed length control field 00885nam a2200181 a 4500
008 - FIXED-LENGTH DATA ELEMENTS--GENERAL INFORMATION
fixed length control field 080314s2000 xx |||||||||||||| || u
050 ## - LIBRARY OF CONGRESS CALL NUMBER
Classification number USAID(058)EPRA
110 ## - MAIN ENTRY--CORPORATE NAME
Corporate name or jurisdiction name as entry element United States Agency for International Development (USAID)
245 10 - TITLE STATEMENT
Title Epidemic preparedness and response in Africa: an epidemiological block approach: summary report
Statement of responsibility, etc. Sponsored by the World Health Organization and the U.S. Agency for International Development
260 ## - PUBLICATION, DISTRIBUTION, ETC.
Place of publication, distribution, etc.
Name of publisher, distributor, etc. United States Agency for International Development
Date of publication, distribution, etc. (2000)
300 ## - PHYSICAL DESCRIPTION
Extent viii, 12p.:ill.
350 ## - PRICE (NR) (BK AM CF MU VM SE) [OBSOLETE]
Price 0.00
650 ## - SUBJECT ADDED ENTRY--TOPICAL TERM
Topical term or geographic name entry element COMMUNICABLE DISEASE CONTROL--AFRICA
650 ## - SUBJECT ADDED ENTRY--TOPICAL TERM
Topical term or geographic name entry element EPIDEMIOLOGY--AFRICA
650 ## - SUBJECT ADDED ENTRY--TOPICAL TERM
Topical term or geographic name entry element UROLOGIC DISEASES
710 ## - ADDED ENTRY--CORPORATE NAME
Corporate name or jurisdiction name as entry element World Health Organization (WHO)
995 ## - RECOMMENDATION 995 [LOCAL, UNIMARC FRANCE]
-- 0.00
-- CBU-MAIN LIBRARY (Kitwe)
-- 1
-- 0.00
-- 1
-- AVAILABLE
-- Aug 20, 2008
-- International Publications
Holdings
Withdrawn status Lost status Source of classification or shelving scheme Damaged status Not for loan Home library Current library Shelving location Date acquired Total Checkouts Full call number Barcode Date last seen Price effective from Koha item type
          CBU-MAIN LIBRARY, KITWE. CBU-MAIN LIBRARY, KITWE.   11/30/2022   USAID(058)EPRA 56274 11/30/2022 11/30/2022 MONOGRAPH